000 01672nam a2200421 i 4500
001 ELB69978
003 FlNmELB
006 m o d |
007 cr cnu||||||||
008 160610s2015 ck o 001 0 spa d
020 _z9789587416510
020 _a9789587416558 (e-book)
035 _a(MiAaPQ)EBC4508336
035 _a(Au-PeEL)EBL4508336
035 _a(CaPaEBR)ebr11205803
035 _a(OCoLC)984784941
040 _aFINmELB
_bspa
_erda
_cFINmELB
050 4 _aKHH822
_bC764 2015
080 _a341.59
082 0 _a346.86102
_223
245 0 0 _aContrato de franquicia internacional en el marco del TLC Colombia-USA :
_bperspectivas jurídicas y económicas /
_cSilvana Insignares Cera (editora) ; Silvana Insignares Cera [y otros 6].
264 1 _aBarranquilla :
_bUniversidad del Norte,
_c[2015]
300 _a1 recurso en línea (196 páginas)
336 _atexto
_btxt
_2rdacontent/spa
337 _acomputadora
_bc
_2rdamedia/spa
338 _arecurso en línea
_bcr
_2rdacarrier/spa
500 _aContiene índice.
588 _aDescripción basada en recurso en línea; Título de la página del título en PDF (e-libro, visto June 10, 2016).
590 _aRecurso electronico. Santa Fe, Arg. : e-libro, 2016. Disponible via World Wide Web. El acceso puede ser limitado para las bibliotecas afiliadas a e-libro.
650 0 _aContracts
_zColombia.
650 4 _aContratos
_zColombia.
650 0 _aInternational law.
650 4 _aDerecho internacional público.
655 4 _aLibros electrónicos.
700 1 _aInsignares Cera, Silvana.
797 2 _ae-libro, Corp.
856 4 0 _uhttps://elibro.net/ereader/usam/69978
999 _c145862
_d145862